Tunda la msimu / (Record no. 9337)
[ view plain ]
| 000 -LEADER | |
|---|---|
| fixed length control field | 00370cam a22001457i 4500 |
| 005 - DATE AND TIME OF LATEST TRANSACTION | |
| control field | 20250901165808.0 |
| 008 - FIXED-LENGTH DATA ELEMENTS--GENERAL INFORMATION | |
| fixed length control field | 160922s2015 ke 000 1 swa |
| 010 ## - LIBRARY OF CONGRESS CONTROL NUMBER | |
| LC control number | 2015333835 |
| 020 ## - INTERNATIONAL STANDARD BOOK NUMBER | |
| International Standard Book Number | 9789966068323 |
| 050 00 - LIBRARY OF CONGRESS CALL NUMBER | |
| Classification number | PL 8704 .M36 2015 |
| 100 1# - MAIN ENTRY--PERSONAL NAME | |
| Personal name | Mandila, Jeff, |
| Dates associated with a name | 1985- |
| 245 10 - TITLE STATEMENT | |
| Title | Tunda la msimu / |
| Statement of responsibility, etc. | Jeff Mandila. |
| 300 ## - PHYSICAL DESCRIPTION | |
| Extent | 112 pages ; |
| Dimensions | 18 cm. |
| 942 ## - ADDED ENTRY ELEMENTS (KOHA) | |
| Source of classification or shelving scheme | Library of Congress Classification |
| Withdrawn status | Lost status | Source of classification or shelving scheme | Damaged status | Not for loan | Collection | Home library | Current library | Shelving location | Date acquired | Source of acquisition | Total checkouts | Full call number | Barcode | Date last seen | Price effective from | Koha item type |
|---|---|---|---|---|---|---|---|---|---|---|---|---|---|---|---|---|
| Library of Congress Classification | Main Library | Main Library | 03/20/2025 | Donation from KICD | PL 8704 .M36 2015 | PIUD0000175 | 03/20/2025 | 03/20/2025 | Books | |||||||
| Library of Congress Classification | Main Library | Main Library | 03/20/2025 | Donation from KICD | PL 8704 .M36 2015 | PIUD0000176 | 03/20/2025 | 03/20/2025 | Books |